| 000 | 00617cab a2200229 4500 | ||
|---|---|---|---|
| 001 | WB3109-54 | ||
| 008 | 090401t1995 xxu||||| |||| 00| 0 eng d | ||
| 035 | _a(Sirsi) u15748 | ||
| 041 | _aeng | ||
| 245 | _aFarm currencies | ||
| 260 | _c1995 | ||
| 350 | _a0 | ||
| 490 |
_aFinancial Times _v1 March 1995, 4(1) |
||
| 520 | _aCriticism of the green exchange rate system a month after new regulations have been in place. | ||
| 650 | _aEUROPEAN UNION | ||
| 650 | _aGREEN EXCHANGE RATE | ||
| 650 | _aGREEN POUND | ||
| 650 | _aSINGLE CURRENCY | ||
| 690 | _aRURAL PRACTICE | ||
| 942 | _n0 | ||
| 948 | _c04/03/1997 | ||
| 999 |
_c10356 _d10356 |
||